01157 2200361 4500001002100000005001500021035002000036007000300056008004100059020002200100082001400122084001600136100003500152245013700187250002600324300003400350650002300384700003000407700003600437700002900473264003000502336002100532337003000553338002300583040002200606090002200628500003800650850001200688041001300700999002200713546003800735990002200773INLIS00000000088184120230915104902 a0010-0923000433ta230915b2023 xx a b 1 ind d a978-979-21-7728-204223a028.5 a028.5 BOU f1 aBourgeois, PauletteePengarang10aFranklin dan pesta helowin /cPaulette Bourgeois; ilustrator, Brenda Clark; penerjemah, C. Erni Setiyowati; penyunting, Cicilia Heni aCetakan Pertama, 2023 a32 halaman :bgambar ;c22 cm04aBacaan kanak-kanak1 aClark, BrendaeIlustrator1 aErni Setiyowati, C.ePenerjemah0 aCicilia HeniePenyunting31aSleman :bKanisius,c2023 2rdacontentateks 2rdamediaatanpa perantara 2rdacarrieravolume aYOPDYOGbinderda aCB-D.11 2023-1991 aJudul asli : Franklin's halloween aYOPDYOG aindheng aCB-D.11/2023-1991 aDiterjemahkan dari Bahasa Inggris aCB-D.11/2023-1991